000
00198nam a22001097a 4500
082
_a
620.1MIL
100
_a
Miller W R
245
_a
Power machinces
260
_c
1978
300
_a
91
942
_c
BK
999
_c
12710
_d
12710